| 000 | 00691nam a22002057a 4500 | ||
|---|---|---|---|
| 003 | 0 | ||
| 005 | 20250919112813.0 | ||
| 008 | 250919b xxu||||| |||| 00| 0 eng d | ||
| 020 | _a978-1-266-86901-3 | ||
| 050 |
_aHD 30.2 _b.B19 2025 |
||
| 100 |
_aBaltzan, Paige, _eauthor. |
||
| 245 |
_aBusiness driven information systems / _cPaige Baltzan. |
||
| 250 | _aNinth edition. | ||
| 260 |
_aNew York, NY : _bMcGraw Hill LLC, _c2025. |
||
| 300 |
_axxvi, various pagination : _bcolored illustrations ; _c28 cm. |
||
| 504 | _aIncludes bibliographical references and index. | ||
| 650 |
_aIndustrial management _xdata processing. |
||
| 650 |
_aInformation technology _xmanagement. |
||
| 942 |
_2lcc _cBK |
||
| 999 |
_c368032 _d368032 |
||